000 01055nam a2200301 4500
001 0000012701
003 CO-CtgCURN
005 20250521143008.0
007 ta
008 160627s1989 000 0 eng d
020 _a9500619814
040 _aCO-CtgCURN
_bspa
_ccoctgcurn
082 0 _a617.15
_bS312t
100 1 _aSchatzker, Joseph.
245 1 0 _aTratamiento quirúrgico de las fracturas /
_cJoseph Schatzker , Marvin Tile con prologo de M. E. M ller , traducción Pablo Koval y Mario Arnaldo Marino.
260 _aBuenos Aires :
_bEditorial Médica Panamericana,
_c1989.
300 _a528 p.
336 _2rdacontent
337 _2rdamedia
_asin mediacion
_bn
338 _2rdacarrier
_avolumen
_bnc
500 _aIncluye bibliografías e índice \ Titulo original. The ratinale of operative fracture care.
650 1 4 _aFracturas
_xCirugia.
650 1 4 _aCirugia.
700 1 _aTile, Marvin.
908 _a160627
942 _cBK
_h617.15
_iS312t
_2ddc
_n0
999 _c23134
_d23134